| 000 | 04693nam a22004577a 4500 | ||
|---|---|---|---|
| 005 | 20090826104019.0 | ||
| 008 | 090826t xxu||||| |||| 00| 0 eng d | ||
| 010 | _aB-362763-781 | ||
| 020 |
_a9788129114600 _c395.00 |
||
| 035 | _aB-362763-781 | ||
| 037 | _bUBH | ||
| 040 |
_adpl _bEnglish |
||
| 082 | _a796.358092 | ||
| 100 |
_aPrabhudesai, Devendra _936944 |
||
| 245 |
_aSMG : _ba biography of Sunil Manohar Gavaskar / _cby Devendra Prabhudesai |
||
| 260 |
_aNew Delhi _bRupa & Co. _c2009 |
||
| 270 |
_a7/16, Ansari Road Daryaganj _bNew Delhi _e110002 |
||
| 300 |
_axxii,537p. _bcol. photos _c24cm.(Hb) |
||
| 500 | _aIncludes bibliographical references and index | ||
| 942 |
_2ddc _cEN _mPRA _h796.358092 |
||
| 999 |
_c29604 _d29604 |
||